Principios de nutrición vegetal /

Guardado en:
Autor Principal: Mengel, Konrad.
Autor Corporativo: International Potash Institute.
Otros Autores: Kirkby, Ernest A.
Formato: Libro
Idioma:Spanish
Publicado: Basilea : Instituto Internacional de la Potasa, 2000.
Edición:4a ed., 1a en español.
Acceso en línea:Texto completo
Etiquetas: Agregar Etiqueta
Sin Etiquetas, Sea el primero en etiquetar este registro!
LEADER 00793nam a22002055a 4500
001 EEA.libagro007152
005 20180531121947.0
008 130809s2000####xx#a##########000#0#spa#d
082 0 4 |a 581.1335 
082 0 4 |a 631.811 
100 1 |a Mengel, Konrad. 
245 1 0 |a Principios de nutrición vegetal /  |c Konrad Mengel y Ernest A. Kirkby ; traducido por Ricardo J. Melgar. 
250 |a 4a ed., 1a en español. 
260 |a Basilea :  |b Instituto Internacional de la Potasa,  |c 2000. 
300 |a 607 p. :  |b il. ;  |c 25 cm. 
530 |a Disponible también en línea. 
700 1 |a Kirkby, Ernest A. 
710 2 |a International Potash Institute. 
856 |u https://www.ipipotash.org/udocs/64-principios-de-nutricion-vegetal.pdf  |3 Texto completo 
859 |a AR-BbBCA  |b BIB. AGRONOMIA  |h 581.1335  |i M544-1  |p 2004/4523